Literacy Teacher Educators Preparing Teachers for a Changing World /

Literacy Teacher Educators: Preparing Teachers for a Changing World brings together the perspectives of 26 literacy/English teacher educators from four countries: Canada, U.S., UK, and Australia. In this unique text the contributors, of whom many are renowned experts in critical literacy and multili...

Full description

Bibliographic Details
Corporate Author: SpringerLink (Online service)
Other Authors: Kosnik, Clare (Editor), Rowsell, Jennifer (Editor), Williamson, Peter (Editor), Simon, Rob (Editor), Beck, Clive (Editor)
Format: Electronic eBook
Language:English
Published: Rotterdam : SensePublishers : Imprint: SensePublishers, 2013.
Subjects:
Online Access:Full Text via HEAL-Link
LEADER 02860nam a22004215i 4500
001 978-94-6209-200-6
003 DE-He213
005 20151204143753.0
007 cr nn 008mamaa
008 130420s2013 ne | s |||| 0|eng d
020 |a 9789462092006  |9 978-94-6209-200-6 
024 7 |a 10.1007/978-94-6209-200-6  |2 doi 
040 |d GrThAP 
050 4 |a L1-991 
072 7 |a JN  |2 bicssc 
072 7 |a EDU000000  |2 bisacsh 
082 0 4 |a 370  |2 23 
245 1 0 |a Literacy Teacher Educators  |h [electronic resource] :  |b Preparing Teachers for a Changing World /  |c edited by Clare Kosnik, Jennifer Rowsell, Peter Williamson, Rob Simon, Clive Beck. 
264 1 |a Rotterdam :  |b SensePublishers :  |b Imprint: SensePublishers,  |c 2013. 
300 |a XX, 206 p.  |b online resource. 
336 |a text  |b txt  |2 rdacontent 
337 |a computer  |b c  |2 rdamedia 
338 |a online resource  |b cr  |2 rdacarrier 
347 |a text file  |b PDF  |2 rda 
520 |a Literacy Teacher Educators: Preparing Teachers for a Changing World brings together the perspectives of 26 literacy/English teacher educators from four countries: Canada, U.S., UK, and Australia. In this unique text the contributors, of whom many are renowned experts in critical literacy and multiliteracies, provide readers with an overview of trends in literacy/English teacher education. The chapters begin with authors’ personal stories and current research, giving readers insight into the personal and professional worlds of the contributors. Included in each chapter is a rich description of approaches to literacy instruction in teacher education. These exemplary teacher educators show in concrete detail how they are addressing our evolving understanding of literacy . This timely text, written in a highly engaging style, will be of value to teacher educators throughout the world. I have never read anything quite like this book. It contains explicit representations of the conceptual frames and work of distinguished literacy teacher educators at various stages in their careers, accounts that provide a strong counter-narrative to the mainstream discourse in policy and education, that fully embrace the uncertainties and complexities of practice." From the Forward by Susan L. Lytle, Professor Emerita of Education in the Graduate School of Education, University of Pennsylvania. 
650 0 |a Education. 
650 1 4 |a Education. 
650 2 4 |a Education, general. 
700 1 |a Kosnik, Clare.  |e editor. 
700 1 |a Rowsell, Jennifer.  |e editor. 
700 1 |a Williamson, Peter.  |e editor. 
700 1 |a Simon, Rob.  |e editor. 
700 1 |a Beck, Clive.  |e editor. 
710 2 |a SpringerLink (Online service) 
773 0 |t Springer eBooks 
856 4 0 |u http://dx.doi.org/10.1007/978-94-6209-200-6  |z Full Text via HEAL-Link 
912 |a ZDB-2-SHU 
950 |a Humanities, Social Sciences and Law (Springer-11648)